000 00297nam a2200121Ia 4500
008 190216s9999||||xx |||||||||||||| ||und||
100 _aVeena Goutham
245 0 _aHindi-Gambir Saradi Aur Shankar Sresht Ka Nadakom
260 _bAnmol Prakashan
300 _a131
650 _aHindi
942 _cBK
999 _c16198
_d16198